000 00801nam a22002177a 4500
999 _c20182
_d20182
003 AR-CdUCM
008 190329b ||||| |||| 00| 0 spa d
040 _aMUNICIPALIDAD PROVINCIAL DEL CUSCO
_cBIBLIOTECA MUNICIPAL DEL CUSCO
082 _a902.85 /
_bC84
100 _aCosta Villavicencio, Lázaro
_924582
245 _aHistoria cronológica del Perú :
_baños 1100 - 1399 /
260 _aLima :
_bAsociación de Periodistas del Perú.
300 _a138 páginas ;
_bMapas,
_c25 cm.
500 _aTexto en dos columnas.
505 _aContenido: Indice de los años 1000 a 1099 -- Indice de los años 1100 a 1199 -- Indice del imperio del tahuantinsuyo...
650 _aHistoria
_9136
650 _aPerú
_935
650 _aCronistas del coloniaje
_942193
942 _2ddc
_cLIBROS
945 _arcc